<?xml version="1.0" encoding="UTF-8"?>
<record
    xmlns:xsi="http://www.w3.org/2001/XMLSchema-instance"
    xsi:schemaLocation="http://www.loc.gov/MARC21/slim http://www.loc.gov/standards/marcxml/schema/MARC21slim.xsd"
    xmlns="http://www.loc.gov/MARC21/slim">

  <leader>01593nam a22002417a 4500</leader>
  <datafield tag="999" ind1=" " ind2=" ">
    <subfield code="c">65294</subfield>
    <subfield code="d">65294</subfield>
  </datafield>
  <controlfield tag="005">20231031142928.0</controlfield>
  <controlfield tag="008">      s2555    th ||||| |||| 00| 0 tha d</controlfield>
  <datafield tag="020" ind1=" " ind2=" ">
    <subfield code="a">9789740329176</subfield>
  </datafield>
  <datafield tag="040" ind1=" " ind2=" ">
    <subfield code="a">NALT</subfield>
  </datafield>
  <datafield tag="050" ind1=" " ind2=" ">
    <subfield code="a">LB 1028.5.C6 </subfield>
    <subfield code="b">&#xE08;484&#xE2D; 2555</subfield>
  </datafield>
  <datafield tag="100" ind1="0" ind2=" ">
    <subfield code="a">&#xE08;&#xE34;&#xE19;&#xE15;&#xE27;&#xE35;&#xE23;&#xE4C; (&#xE21;&#xE31;&#xE48;&#xE19;&#xE2A;&#xE01;&#xE38;&#xE25;) &#xE04;&#xE25;&#xE49;&#xE32;&#xE22;&#xE2A;&#xE31;&#xE07;&#xE02;&#xE4C;</subfield>
    <subfield code="9">32582</subfield>
  </datafield>
  <datafield tag="245" ind1="1" ind2="0">
    <subfield code="a">&#xE2D;&#xE35;&#xE40;&#xE25;&#xE34;&#xE23;&#xE4C;&#xE19;&#xE19;&#xE34;&#xE07;&#xE04;&#xE2D;&#xE23;&#xE4C;&#xE2A;&#xE41;&#xE27;&#xE23;&#xE4C; :</subfield>
    <subfield code="b">&#xE41;&#xE19;&#xE27;&#xE04;&#xE34;&#xE14;&#xE2A;&#xE39;&#xE48;&#xE01;&#xE32;&#xE23;&#xE1B;&#xE0F;&#xE34;&#xE1A;&#xE31;&#xE15;&#xE34;&#xE2A;&#xE33;&#xE2B;&#xE23;&#xE31;&#xE1A;&#xE01;&#xE32;&#xE23;&#xE40;&#xE23;&#xE35;&#xE22;&#xE19;&#xE01;&#xE32;&#xE23;&#xE2A;&#xE2D;&#xE19;&#xE2D;&#xE35;&#xE40;&#xE25;&#xE34;&#xE23;&#xE4C;&#xE19;&#xE19;&#xE34;&#xE07;&#xE43;&#xE19;&#xE17;&#xE38;&#xE01;&#xE23;&#xE30;&#xE14;&#xE31;&#xE1A; /</subfield>
    <subfield code="c">&#xE08;&#xE34;&#xE19;&#xE15;&#xE27;&#xE35;&#xE23;&#xE4C; (&#xE21;&#xE31;&#xE48;&#xE19;&#xE2A;&#xE01;&#xE38;&#xE25;) &#xE04;&#xE25;&#xE49;&#xE32;&#xE22;&#xE2A;&#xE31;&#xE07;&#xE02;&#xE4C;.</subfield>
  </datafield>
  <datafield tag="260" ind1=" " ind2=" ">
    <subfield code="a">&#xE01;&#xE23;&#xE38;&#xE07;&#xE40;&#xE17;&#xE1E;&#xE2F; : </subfield>
    <subfield code="b">&#xE2A;&#xE33;&#xE19;&#xE31;&#xE01;&#xE1E;&#xE34;&#xE21;&#xE1E;&#xE4C;&#xE41;&#xE2B;&#xE48;&#xE07;&#xE08;&#xE38;&#xE2C;&#xE32;&#xE25;&#xE07;&#xE01;&#xE23;&#xE13;&#xE4C;&#xE21;&#xE2B;&#xE32;&#xE27;&#xE34;&#xE17;&#xE22;&#xE32;&#xE25;&#xE31;&#xE22;, </subfield>
    <subfield code="c">2555.</subfield>
  </datafield>
  <datafield tag="300" ind1=" " ind2=" ">
    <subfield code="a">238 &#xE2B;&#xE19;&#xE49;&#xE32; :</subfield>
    <subfield code="b">&#xE20;&#xE32;&#xE1E;&#xE1B;&#xE23;&#xE30;&#xE01;&#xE2D;&#xE1A;, &#xE15;&#xE32;&#xE23;&#xE32;&#xE07; ;</subfield>
  </datafield>
  <datafield tag="650" ind1=" " ind2="0">
    <subfield code="a">&#xE04;&#xE2D;&#xE21;&#xE1E;&#xE34;&#xE27;&#xE40;&#xE15;&#xE2D;&#xE23;&#xE4C;&#xE0A;&#xE48;&#xE27;&#xE22;&#xE01;&#xE32;&#xE23;&#xE2A;&#xE2D;&#xE19;</subfield>
    <subfield code="9">32548</subfield>
  </datafield>
  <datafield tag="650" ind1=" " ind2="0">
    <subfield code="a">&#xE01;&#xE32;&#xE23;&#xE40;&#xE23;&#xE35;&#xE22;&#xE19;&#xE23;&#xE39;&#xE49;&#xE1C;&#xE48;&#xE32;&#xE19;&#xE23;&#xE30;&#xE1A;&#xE1A;&#xE2D;&#xE34;&#xE40;&#xE25;&#xE47;&#xE01;&#xE17;&#xE23;&#xE2D;&#xE19;&#xE34;&#xE01;&#xE2A;&#xE4C;</subfield>
    <subfield code="9">12925</subfield>
  </datafield>
  <datafield tag="650" ind1=" " ind2="4">
    <subfield code="a">&#xE2A;&#xE37;&#xE48;&#xE2D;&#xE01;&#xE32;&#xE23;&#xE2A;&#xE2D;&#xE19;</subfield>
    <subfield code="9">28385</subfield>
  </datafield>
  <datafield tag="650" ind1=" " ind2="4">
    <subfield code="a">&#xE01;&#xE32;&#xE23;&#xE40;&#xE23;&#xE35;&#xE22;&#xE19;&#xE01;&#xE32;&#xE23;&#xE2A;&#xE2D;&#xE19;&#xE1C;&#xE48;&#xE32;&#xE19;&#xE40;&#xE27;&#xE47;&#xE1A;</subfield>
    <subfield code="9">19337</subfield>
  </datafield>
  <datafield tag="653" ind1=" " ind2="4">
    <subfield code="a">&#xE1A;&#xE17;&#xE40;&#xE23;&#xE35;&#xE22;&#xE19;&#xE2D;&#xE34;&#xE40;&#xE25;&#xE47;&#xE01;&#xE17;&#xE23;&#xE2D;&#xE19;&#xE34;&#xE01;&#xE2A;&#xE4C;&#xE17;&#xE32;&#xE07;&#xE01;&#xE32;&#xE23;&#xE28;&#xE36;&#xE01;&#xE29;&#xE32; </subfield>
  </datafield>
  <datafield tag="850" ind1=" " ind2=" ">
    <subfield code="a">NALT</subfield>
  </datafield>
  <datafield tag="942" ind1=" " ind2=" ">
    <subfield code="c">GB</subfield>
    <subfield code="0">4</subfield>
    <subfield code="2">lcc</subfield>
  </datafield>
  <datafield tag="998" ind1=" " ind2=" ">
    <subfield code="j">8</subfield>
    <subfield code="k"> &#xE19;&#xE32;&#xE22;&#xE1A;&#xE31;&#xE13;&#xE11;&#xE34;&#xE15;  &#xE2D;&#xE38;&#xE17;&#xE32;&#xE27;&#xE07;&#xE04;&#xE4C;</subfield>
  </datafield>
  <datafield tag="952" ind1=" " ind2=" ">
    <subfield code="0">0</subfield>
    <subfield code="1">0</subfield>
    <subfield code="2">lcc</subfield>
    <subfield code="4">0</subfield>
    <subfield code="7">0</subfield>
    <subfield code="8">CGBL</subfield>
    <subfield code="a">NALT</subfield>
    <subfield code="b">NALT</subfield>
    <subfield code="d">2023-10-31</subfield>
    <subfield code="e">&#xE08;&#xE31;&#xE14;&#xE0B;&#xE37;&#xE49;&#xE2D;&#xE17;&#xE23;&#xE31;&#xE1E;&#xE22;&#xE32;&#xE01;&#xE23;</subfield>
    <subfield code="g">190.00</subfield>
    <subfield code="l">3</subfield>
    <subfield code="o">LB 1028.5.C6 &#xE08;484&#xE2D; 2555</subfield>
    <subfield code="p">3961188380</subfield>
    <subfield code="r">2023-11-07 00:00:00</subfield>
    <subfield code="s">2023-10-31</subfield>
    <subfield code="t">&#xE09;. 1</subfield>
    <subfield code="v">240.00</subfield>
    <subfield code="w">2017-06-09</subfield>
    <subfield code="y">GB</subfield>
  </datafield>
  <datafield tag="952" ind1=" " ind2=" ">
    <subfield code="0">0</subfield>
    <subfield code="1">0</subfield>
    <subfield code="2">lcc</subfield>
    <subfield code="4">0</subfield>
    <subfield code="7">0</subfield>
    <subfield code="8">CGBL</subfield>
    <subfield code="a">NALT</subfield>
    <subfield code="b">NALT</subfield>
    <subfield code="e">&#xE08;&#xE31;&#xE14;&#xE0B;&#xE37;&#xE49;&#xE2D;&#xE17;&#xE23;&#xE31;&#xE1E;&#xE22;&#xE32;&#xE01;&#xE23;</subfield>
    <subfield code="g">190.00</subfield>
    <subfield code="l">1</subfield>
    <subfield code="m">1</subfield>
    <subfield code="o">LB 1028.5.C6 &#xE08;484&#xE2D; 2555</subfield>
    <subfield code="p">3961188379</subfield>
    <subfield code="r">2018-07-09 00:00:00</subfield>
    <subfield code="s">2018-06-22</subfield>
    <subfield code="t">&#xE09;. 2</subfield>
    <subfield code="v">240.00</subfield>
    <subfield code="w">2017-06-09</subfield>
    <subfield code="y">GB</subfield>
  </datafield>
</record>
